[Event "US Open-113"]
[Site "Vancouver"]
[Date "2012.08.09"]
[Round "6"]
[White "Aird, Ian"]
[Black "Goffe, Michael P"]
[Result "1/2-1/2"]
[WhiteElo "2003"]
[BlackElo "1848"]
[PlyCount "48"]
[EventDate "2012.08.04"]
[EventType "swiss"]
[EventRounds "9"]
[EventCountry "USA"]
[SourceTitle "CBM 149 Extra"]
[Source "ChessBase"]
[SourceDate "2012.08.24"]
[SourceVersion "1"]
[SourceVersionDate "2012.08.24"]
[SourceQuality "1"]

1. e4 e6 2. d3 d5 3. Qe2 dxe4 4. dxe4 e5 5. Nf3 Nc6 6. c3 Bd6 7. Qc2 Bg4 8. Nbd2 Nf6 9. Be2 Qd7 10. Nc4 h6 11. Ne3 0-0-0 12. b4 Ne7 13. 0-0 Bxf3 14. Bxf3 g5 15. Nf5 g4 16. Nxe7+ Bxe7 17. Be2 Qc6 18. b5 Qxe4 19. Qxe4 Nxe4 20. Bxg4+ Kb8 21. c4 h5 22. Bf3 Nd2 23. Bxd2 Rxd2 24. Rfd1 Rxd1+ 1/2-1/2